Gramsci in India : (Record no. 16337)
[ view plain ]
| 000 -LEADER | |
|---|---|
| fixed length control field | 00711nam a22002297a 4500 |
| 003 - CONTROL NUMBER IDENTIFIER | |
| control field | BDCtgAUW |
| 005 - DATE AND TIME OF LATEST TRANSACTION | |
| control field | 20260406175953.0 |
| 008 - FIXED-LENGTH DATA ELEMENTS--GENERAL INFORMATION | |
| fixed length control field | 260309b ii ||||| |||| 00| 0 eng d |
| 020 ## - INTERNATIONAL STANDARD BOOK NUMBER | |
| International Standard Book Number | 9789369730261 |
| 040 ## - CATALOGING SOURCE | |
| Original cataloging agency | BDCtgAUW |
| Transcribing agency | BDCtgAUW |
| Modifying agency | BDCtgAUW |
| 050 ## - LIBRARY OF CONGRESS CALL NUMBER | |
| Classification number | JC265 |
| Item number | .G68H63 |
| 100 10 - MAIN ENTRY--PERSONAL NAME | |
| Personal name | Chatterjee, Partha |
| Relator term | editor |
| 245 ## - TITLE STATEMENT | |
| Title | Gramsci in India : |
| Remainder of title | Selected Writings 1968–1996 / |
| 260 ## - PUBLICATION, DISTRIBUTION, ETC. | |
| Place of publication, distribution, etc. | India : |
| Name of publisher, distributor, etc. | Orient Blackswan Pvt. Ltd., |
| Date of publication, distribution, etc. | 2025. |
| 300 ## - PHYSICAL DESCRIPTION | |
| Extent | xxviii, 262p. ; |
| Dimensions | 22cm. |
| 504 ## - BIBLIOGRAPHY, ETC. NOTE | |
| Bibliography, etc. note | Includes bibliography |
| 600 ## - SUBJECT ADDED ENTRY--PERSONAL NAME | |
| Personal name | Gramsci, Antonio. |
| 9 (RLIN) | 91245 |
| 650 ## - SUBJECT ADDED ENTRY--TOPICAL TERM | |
| Topical term or geographic name entry element | Political and social views |
| 9 (RLIN) | 91246 |
| 700 10 - ADDED ENTRY--PERSONAL NAME | |
| Personal name | Gupta, Sobhanlal Datta. |
| 9 (RLIN) | 91247 |
| 887 ## - NON-MARC INFORMATION FIELD | |
| Source of data | 8 |
| Content of non-MARC field | Papia Akter |
| 888 ## - | |
| -- | 8 |
| 942 ## - ADDED ENTRY ELEMENTS (KOHA) | |
| Source of classification or shelving scheme | Library of Congress Classification |
| Koha item type | Books |
| Suppress in OPAC | No |
| Withdrawn status | Lost status | Source of classification or shelving scheme | Damaged status | Not for loan | Collection | Home library | Current library | Shelving location | Date acquired | Source of acquisition | Total Checkouts | Full call number | Barcode | Date last seen | Price effective from | Koha item type |
|---|---|---|---|---|---|---|---|---|---|---|---|---|---|---|---|---|
| Library of Congress Classification | Non-fiction | Asian University for Women Library | Mahsa Amini Library | General Stacks | 25/02/2026 | Kamal Ahmad | JC265.G68H63 | 033355 | 09/03/2026 | 09/03/2026 | Books |